Physics of rotating nuclei (Record no. 52598)

MARC details
000 -LEADER
fixed length control field 00443nam a2200145 4500
020 ## - INTERNATIONAL STANDARD BOOK NUMBER
International Standard Book Number 8122408257
082 ## - DEWEY DECIMAL CLASSIFICATION NUMBER
Classification number 539.754
Item number MUK
100 ## - MAIN ENTRY--PERSONAL NAME
Personal name Mukherjee, S.N.
245 ## - TITLE STATEMENT
Title Physics of rotating nuclei
Statement of responsibility, etc. S.N.Mukherjee and Y.R.Waghmare
260 ## - PUBLICATION, DISTRIBUTION, ETC.
Place of publication, distribution, etc. New Delhi
Name of publisher, distributor, etc. New Age International
Date of publication, distribution, etc. c1995
300 ## - PHYSICAL DESCRIPTION
Extent x,322p.; 25cm.-
490 ## - SERIES STATEMENT
Series statement SERC School series, Department of science and technology
650 ## - SUBJECT ADDED ENTRY--TOPICAL TERM
Topical term or geographic name entry element Nuclear Physics
710 ## - ADDED ENTRY--CORPORATE NAME
Corporate name or jurisdiction name as entry element Waghmare, Y.R.
Holdings
Withdrawn status Lost status Damaged status Not for loan Collection code Home library Current library Date acquired Total Checkouts Full call number Barcode Date last seen Price effective from Koha item type
          North Eastern Hill University North Eastern Hill University 24/11/2011   539.754 MUK 168105 24/11/2011 24/11/2011 Books